000 00698nam a2200217Ia 4500
003 GCL
008 140319s9999 xx 000 0 ara d
040 _aGCL /
_cGCL
082 0 4 _a212.3
_bر ك
100 1 _aرضوان العدل بيبرس
245 1 0 _aكتابى روضة المحتاجين لمعرفة قواعد الدين /
_cرضوان العدل بيبرس
260 _a[S.N] :
_bالمطبعة البولسية ،
_c1905
300 _a404
490 _a
650 0 4 _aالاسلام
650 0 4 _aالاخلاق الاسلامية
650 0 4 _aالاداب الاسلامية
650 0 4 _aالشريعة الاسلامية
650 0 4 _aالديانات
942 _2ddc
_cBK
999 _c59067
_d59067